[Event "Staufer op 34th"]
[Site "Schwaebisch Gmuend"]
[Date "2024.01.05"]
[Round "7"]
[White "Haack, Kevin"]
[Black "Melde, Benjamin"]
[Result "1/2-1/2"]
[WhiteElo "2297"]
[BlackElo "2021"]
[PlyCount "113"]
[EventDate "2024.01.02"]
[EventType "swiss"]
[EventRounds "9"]
[EventCountry "GER"]
[SourceTitle "CBM 218 Extra"]
[Source "ChessBase"]
[SourceDate "2024.03.31"]
[SourceVersion "1"]
[SourceVersionDate "2024.03.31"]
[SourceQuality "1"]

1. e4 c5 2. Nf3 Nc6 3. c3 Nf6 4. Qc2 e5 5. Bc4 Be7 6. 0-0 0-0 7. Re1 d6 8. h3 Be6 9. d3 h6 10. Nbd2 Nh5 11. Nf1 Nf4 12. Be3 d5 13. exd5 Bxd5 14. Bxf4 exf4 15. N1h2 Bf6 16. a4 g5 17. Rad1 Bg7 18. Nd2 b6 19. Nhf3 Qd7 20. Bxd5 Qxd5 21. Re4 Rad8 22. Nc4 Rd7 23. Qe2 Rfd8 24. h4 g4 25. Nh2 f5 26. Rxf4 Re7 27. Qc2 Be5 28. Ne3 Qd7 29. Rc4 Na5 30. g3 Qe6 31. Nxf5 Qxf5 32. Nxg4 Bg7 33. Rf4 Qe6 34. Ne3 Rf7 35. Rxf7 Qxf7 36. d4 cxd4 37. cxd4 Rxd4 38. Qc8+ Kh7 39. Rxd4 Bxd4 40. Nf5 Bc5 41. g4 Nc4 42. Qc6 Nd6 43. b4 Nxf5 44. bxc5 Nxh4 45. cxb6 axb6 46. Qxb6 Qf3 47. Qc7+ Kg6 48. Qb6+ Kg5 49. Qe3+ Qxe3 50. fxe3 Kxg4 51. a5 Nf3+ 52. Kf2 Ne5 53. a6 Nc6 54. Kg2 Na7 55. Kh2 Kf3 56. Kh3 Kxe3 57. Kh4 1/2-1/2

[Event "Oberliga NRW 2324"]
[Site "Germany"]
[Date "2023.11.19"]
[Round "4.6"]
[White "Hirsch, Stefan"]
[Black "Melde, Benjamin"]
[Result "0-1"]
[WhiteElo "2137"]
[BlackElo "2008"]
[PlyCount "68"]
[EventDate "2023.09.03"]
[EventType "team-tourn"]
[EventRounds "9"]
[EventCountry "GER"]
[SourceTitle "EXT 2025"]
[Source "ChessBase"]
[SourceDate "2024.10.14"]
[SourceVersion "1"]
[SourceVersionDate "2024.10.14"]
[SourceQuality "1"]
[WhiteTeam "Wattenscheid"]
[BlackTeam "Essen Katernberg II"]
[WhiteTeamCountry "GER"]
[BlackTeamCountry "GER"]

1. e4 c5 2. Nf3 d6 3. Bb5+ Nd7 4. 0-0 a6 5. Bxd7+ Bxd7 6. c4 Nf6 7. d3 g6 8. Nc3 Bg7 9. a4 0-0 10. h3 Rb8 11. Bd2 b5 12. axb5 axb5 13. cxb5 Bxb5 14. Nxb5 Rxb5 15. Bc3 d5 16. e5 Ne8 17. d4 c4 18. Qa4 Qb8 19. Ne1 Nc7 20. f4 Qb7 21. Qd1 e6 22. Nc2 Rb3 23. Ra3 Rb8 24. Rxb3 Qxb3 25. Ne3 Qa2 26. Qa1 Ra8 27. Qxa2 Rxa2 28. h4 Bf8 29. Nd1 Be7 30. g3 Nb5 31. Rf2 Ra1 32. Rd2 Bd8 33. Bb4 Bb6 34. Bc5 Ba5 0-1

[Event "GER-ch U25-A"]
[Site "Willingen"]
[Date "2023.06.03"]
[Round "9"]
[White "Melde, Benjamin"]
[Black "Mehner, Lorenz"]
[Result "1-0"]
[WhiteElo "2135"]
[BlackElo "1681"]
[PlyCount "51"]
[EventDate "2023.05.27"]
[EventType "swiss"]
[EventRounds "9"]
[EventCountry "GER"]
[SourceTitle "CBM 214 Extra"]
[Source "ChessBase"]
[SourceDate "2023.07.31"]
[SourceVersion "1"]
[SourceVersionDate "2023.07.31"]
[SourceQuality "1"]

1. c4 c5 2. g3 Nf6 3. Bg2 d5 4. cxd5 Nxd5 5. Nc3 Nc7 6. Nf3 Nc6 7. 0-0 e5 8. d3 Be7 9. Be3 0-0 10. Qa4 Rb8 11. Rfc1 Bd7 12. Nd2 Ne6 13. Nd5 f5 14. Nxe7+ Qxe7 15. Bxc6 Bxc6 16. Qxa7 f4 17. Bxc5 Qg5 18. Bxf8 fxg3 19. hxg3 Rxf8 20. Rxc6 bxc6 21. Qe3 Qh5 22. Nf3 Rf6 23. Qxe5 Qh3 24. Qb8+ Nf8 25. Qb3+ Kh8 26. Qb4 1-0

[Event "GER-ch U25-A"]
[Site "Willingen"]
[Date "2023.05.31"]
[Round "5"]
[White "Melde, Benjamin"]
[Black "Paeslack, Luis"]
[Result "1-0"]
[WhiteElo "2135"]
[BlackElo "1887"]
[PlyCount "105"]
[EventDate "2023.05.27"]
[EventType "swiss"]
[EventRounds "9"]
[EventCountry "GER"]
[SourceTitle "CBM 214 Extra"]
[Source "ChessBase"]
[SourceDate "2023.07.31"]
[SourceVersion "1"]
[SourceVersionDate "2023.07.31"]
[SourceQuality "1"]

1. Nf3 c5 2. b3 Nf6 3. Bb2 d5 4. e3 Nc6 5. Bb5 Bg4 6. h3 Bh5 7. 0-0 e6 8. c4 a6 9. Bxc6+ bxc6 10. d3 Bd6 11. Nc3 0-0 12. e4 d4 13. Na4 Nd7 14. g4 Bg6 15. Qe2 Qc7 16. Rae1 f5 17. e5 Be7 18. Bc1 fxg4 19. hxg4 h6 20. b4 Rxf3 21. Qxf3 Rf8 22. Qg3 cxb4 23. f4 Qa5 24. f5 Qxa4 25. fxg6 Qxa2 26. Qh3 Rxf1+ 27. Qxf1 Nf8 28. Qf7+ Kh8 29. Rf1 Nxg6 30. Qxg6 Qe2 31. Qe4 Qxe4 32. dxe4 a5 33. Rf7 Bc5 34. Kf2 a4 35. Ke2 a3 36. Rb7 g6 37. Kd3 h5 38. gxh5 gxh5 39. Kc2 h4 40. Kb3 h3 41. Bf4 d3 42. Rd7 Be3 43. Rxd3 Bxf4 44. Rxh3+ Kg7 45. Kxb4 c5+ 46. Kxa3 Bxe5 47. Rf3 Bd4 48. Ka4 Kg6 49. Kb5 Kg5 50. Kc6 Kg4 51. Rf7 e5 52. Kd5 Kg5 53. Rf5+ 1-0

[Event "GER-ch U25-A"]
[Site "Willingen"]
[Date "2023.05.28"]
[Round "2"]
[White "Melde, Benjamin"]
[Black "Weidenhoefer, Max"]
[Result "1-0"]
[WhiteElo "2135"]
[BlackElo "2000"]
[PlyCount "126"]
[EventDate "2023.05.27"]
[EventType "swiss"]
[EventRounds "9"]
[EventCountry "GER"]
[SourceTitle "CBM 214 Extra"]
[Source "ChessBase"]
[SourceDate "2023.07.31"]
[SourceVersion "1"]
[SourceVersionDate "2023.07.31"]
[SourceQuality "1"]

1. c4 e6 2. g3 d5 3. Bg2 Nf6 4. Nf3 Be7 5. 0-0 c6 6. b3 0-0 7. Bb2 Nbd7 8. d3 b5 9. Nbd2 Bb7 10. Rc1 Rc8 11. cxb5 cxb5 12. Rxc8 Qxc8 13. Qa1 Qa8 14. Nd4 a6 15. h3 Rc8 16. f4 Nc5 17. N2f3 Qb8 18. Qe1 Bd6 19. Qf2 h6 20. Qe3 Ncd7 21. Ba1 Nh5 22. Ne5 Nxe5 23. fxe5 Bxe5 24. Nc6 Bf4 25. Ne7+ Kf8 26. gxf4 Kxe7 27. Be5 Qa8 28. Qb6 Rc6 29. Qd4 f6 30. Qb4+ Kf7 31. Bc3 Ng3 32. Re1 Qc8 33. Bd2 Rc2 34. a4 Qc5+ 35. Qxc5 Rxc5 36. Kf2 Nf5 37. Rc1 Rxc1 38. Bxc1 Nd4 39. axb5 axb5 40. b4 Nf5 41. Bf3 e5 42. e4 dxe4 43. dxe4 Nd6 44. fxe5 fxe5 45. Ke3 Kf6 46. Kd3 Bc8 47. h4 Bh3 48. Be3 Bf1+ 49. Kc3 g5 50. hxg5+ hxg5 51. Bc5 Nf7 52. Bh5 Nd8 53. Bg4 Bc4 54. Bd7 Nf7 55. Kd2 Nh6 56. Bf8 Ng8 57. Bd6 Ne7 58. Be8 Ke6 59. Bc5 Ng8 60. Ke3 Nh6 61. Kf3 Nf7 62. Bxf7+ Kxf7 63. Bd6 Kf6 1-0

[Event "GER-chT U20"]
[Site "Braunschweig"]
[Date "2019.12.30"]
[Round "7.8"]
[White "Yankelevich, Michael"]
[Black "Melde, Benjamin"]
[Result "1/2-1/2"]
[WhiteElo "2064"]
[BlackElo "2120"]
[PlyCount "73"]
[EventDate "2019.12.27"]
[EventType "team-swiss"]
[EventRounds "7"]
[EventCountry "GER"]
[SourceTitle "CBM 194 Extra"]
[Source "ChessBase"]
[SourceDate "2020.03.31"]
[SourceVersion "1"]
[SourceVersionDate "2020.03.31"]
[SourceQuality "1"]
[WhiteTeam "Trier SG"]
[BlackTeam "Kleve Turm"]
[WhiteTeamCountry "GER"]
[BlackTeamCountry "GER"]

1. e4 c5 2. Nc3 a6 3. g3 b5 4. Bg2 Bb7 5. d3 e6 6. f4 d5 7. exd5 Nf6 8. Nf3 exd5 9. 0-0 Be7 10. h3 0-0 11. Ne2 d4 12. g4 Nc6 13. Ng3 Re8 14. Ng5 Qd7 15. N5e4 Nb4 16. Nxf6+ Bxf6 17. Ne4 Bxe4 18. Bxe4 Rad8 19. g5 Be7 20. f5 g6 21. a3 Nc6 22. h4 Bd6 23. h5 Rxe4 24. dxe4 Qe7 25. hxg6 hxg6 26. Qg4 Ne5 27. Qh3 Nc4 28. b3 Ne3 29. Bxe3 dxe3 30. Qxe3 Be5 31. Rad1 Bd4 32. Rxd4 Rxd4 33. fxg6 fxg6 34. Rf6 Rxe4 35. Rxg6+ Kf7 36. Rf6+ Kg7 37. Qg3 1/2-1/2

[Event "GER-chT U20"]
[Site "Braunschweig"]
[Date "2019.12.28"]
[Round "3.8"]
[White "Lutz, Ruben"]
[Black "Melde, Benjamin"]
[Result "1/2-1/2"]
[WhiteElo "2132"]
[BlackElo "2120"]
[PlyCount "88"]
[EventDate "2019.12.27"]
[EventType "team-swiss"]
[EventRounds "7"]
[EventCountry "GER"]
[SourceTitle "CBM 194 Extra"]
[Source "ChessBase"]
[SourceDate "2020.03.31"]
[SourceVersion "1"]
[SourceVersionDate "2020.03.31"]
[SourceQuality "1"]
[WhiteTeam "Dresden TU"]
[BlackTeam "Kleve Turm"]
[WhiteTeamCountry "GER"]
[BlackTeamCountry "GER"]

1. d4 Nf6 2. Bf4 g6 3. e3 Bg7 4. Nf3 0-0 5. Be2 d6 6. h3 c5 7. c3 b6 8. Nbd2 Bb7 9. 0-0 Nbd7 10. a4 a6 11. Bh2 Ra7 12. b4 Qa8 13. Qb3 Rc8 14. Rfc1 cxb4 15. cxb4 Bd5 16. Qb2 a5 17. b5 Rac7 18. Rxc7 Rxc7 19. Rc1 Qc8 20. Rxc7 Qxc7 21. Bd3 Bb7 22. e4 Ne8 23. Qc2 Qxc2 24. Bxc2 e6 25. Kf1 Kf8 26. Ke2 Bh6 27. Bg3 Bg7 28. Bf4 Ke7 29. Be3 h6 30. Ne1 f5 31. f3 Nef6 32. g4 fxe4 33. fxe4 g5 34. Kf3 Nf8 35. Nf1 N6d7 36. Ng3 Ng6 37. Nd3 Nh4+ 38. Kf2 Nf6 39. Nb2 d5 40. e5 Nd7 41. Nd3 Kf7 42. Ne1 Bf8 43. Nf3 Nxf3 44. Kxf3 Be7 1/2-1/2

[Event "Dieren op"]
[Site "Dieren"]
[Date "2018.07.30"]
[Round "6"]
[White "Ojas, Kulkarni"]
[Black "Melde, Benjamin"]
[Result "1-0"]
[WhiteElo "2226"]
[BlackElo "2108"]
[PlyCount "73"]
[EventDate "2018.07.24"]
[EventType "tourn"]
[EventRounds "9"]
[EventCountry "NED"]
[SourceTitle "CBM 185 Extra"]
[Source "ChessBase"]
[SourceDate "2018.07.29"]
[SourceVersion "1"]
[SourceVersionDate "2018.07.29"]
[SourceQuality "1"]

1. Nf3 g6 2. c4 Bg7 3. g3 c5 4. Nc3 Nc6 5. Bg2 e5 6. 0-0 Nge7 7. a3 0-0 8. Rb1 a5 9. Ne1 Rb8 10. Nc2 Nd4 11. b4 d6 12. Ne3 h5 13. d3 Bh6 14. Bd2 h4 15. bxc5 dxc5 16. Ne4 Ne6 17. Nd5 Bxd2 18. Qxd2 Kg7 19. Qb2 Nc6 20. Qb6 Ned4 21. Ndc3 h3 22. Bh1 Nxe2+ 23. Nxe2 Qxd3 24. Rfe1 Bg4 25. Nxc5 Qxc4 26. Rbc1 Qa2 27. Qb3 Qd2 28. Qe3 Qa2 29. Nxb7 Rxb7 30. Bxc6 Rb2 31. Nc3 Qxa3 32. Qxe5+ Kh7 33. Ne4 Re2 34. Nf6+ Kh8 35. Qg5 Kg7 36. Nxg4 Qc3 37. Rxe2 1-0

[Event "Dortmund Sparkassen op-A 46th"]
[Site "Dortmund"]
[Date "2018.07.19"]
[Round "6"]
[White "Quast, Marcel"]
[Black "Melde, Benjamin"]
[Result "1/2-1/2"]
[WhiteElo "2247"]
[BlackElo "2108"]
[PlyCount "51"]
[EventDate "2018.07.14"]
[EventType "swiss"]
[EventRounds "9"]
[EventCountry "GER"]
[SourceTitle "CBM 185 Extra"]
[Source "ChessBase"]
[SourceDate "2018.07.29"]
[SourceVersion "1"]
[SourceVersionDate "2018.07.29"]
[SourceQuality "1"]

1. e4 c5 2. d4 cxd4 3. c3 Nf6 4. e5 Nd5 5. Nf3 Nc6 6. Bc4 Nb6 7. Bb3 d6 8. exd6 Qxd6 9. 0-0 Be6 10. Na3 dxc3 11. Bxe6 Qxd1 12. Rxd1 fxe6 13. Nb5 Rc8 14. bxc3 g6 15. Ng5 a6 16. Nd4 Nxd4 17. cxd4 Rc6 18. Re1 Bg7 19. Nxe6 Bf6 20. Rb1 Kd7 21. Nc5+ Kc8 22. Be3 Rd8 23. Red1 e5 24. dxe5 Rxd1+ 25. Rxd1 Bxe5 26. Nd3 1/2-1/2

[Event "Dortmund Sparkassen op-A 46th"]
[Site "Dortmund"]
[Date "2018.07.18"]
[Round "5"]
[White "Melde, Benjamin"]
[Black "Schroeder, Joerg"]
[Result "1-0"]
[WhiteElo "2108"]
[BlackElo "1970"]
[PlyCount "99"]
[EventDate "2018.07.14"]
[EventType "swiss"]
[EventRounds "9"]
[EventCountry "GER"]
[SourceTitle "CBM 185 Extra"]
[Source "ChessBase"]
[SourceDate "2018.07.29"]
[SourceVersion "1"]
[SourceVersionDate "2018.07.29"]
[SourceQuality "1"]

1. c4 c5 2. g3 g6 3. Bg2 Bg7 4. Nc3 Nc6 5. a3 e6 6. b4 d6 7. Rb1 Nge7 8. e3 0-0 9. Nge2 e5 10. d3 Bf5 11. b5 Na5 12. 0-0 Rb8 13. h3 Qd7 14. Kh2 b6 15. e4 Be6 16. Qc2 f5 17. exf5 Nxf5 18. Nd5 Rf7 19. Be3 Rbf8 20. Nec3 Kh8 21. a4 Nb7 22. Qd2 Nd4 23. Bxd4 cxd4 24. Ne4 Bxd5 25. cxd5 Nc5 26. Nxc5 dxc5 27. Be4 Qd6 28. Kg2 Rc8 29. Rbc1 Qf8 30. Qe2 Bh6 31. Rc2 Qe7 32. h4 Rcf8 33. Rh1 Kg7 34. Qg4 Qf6 35. Re2 Rc7 36. Rc2 Rfc8 37. h5 Qg5 38. Qe6 Rf8 39. hxg6 hxg6 40. Rh4 Rf6 41. Qh3 Rd6 42. Rg4 Qe7 43. Qh5 g5 44. f4 exf4 45. gxf4 Qxe4+ 46. dxe4 d3 47. Rc3 c4 48. fxg5 d2 49. gxh6+ Kh7 50. Qf5+ 1-0

[Event "GER-ch U25-A"]
[Site "Willingen"]
[Date "2018.05.21"]
[Round "3"]
[White "Melde, Benjamin"]
[Black "Hofmann, Lorenz"]
[Result "0-1"]
[WhiteElo "2048"]
[BlackElo "1916"]
[PlyCount "98"]
[EventDate "2018.05.19"]
[EventType "swiss"]
[EventRounds "9"]
[EventCountry "GER"]
[SourceTitle "CBM 184 Extra"]
[Source "ChessBase"]
[SourceDate "2018.06.28"]
[SourceVersion "1"]
[SourceVersionDate "2018.06.28"]
[SourceQuality "1"]

1. c4 e5 2. g3 g6 3. Bg2 Bg7 4. Nc3 d6 5. e4 Ne7 6. Nge2 Nbc6 7. 0-0 0-0 8. d3 Nd4 9. b4 Bg4 10. f3 Be6 11. b5 c6 12. Ba3 c5 13. Nxd4 exd4 14. Nd5 Bxd5 15. cxd5 a6 16. bxa6 Rxa6 17. Qb3 Qa5 18. Bb2 b5 19. Rfb1 Rb8 20. Bc1 Qc7 21. Bd2 Qa7 22. Bc1 Rab6 23. Kh1 c4 24. Qb4 c3 25. Bf4 Nc8 26. Bh3 Be5 27. Bxe5 dxe5 28. f4 Qc7 29. d6 Qxd6 30. Qxd6 Rxd6 31. fxe5 Rd8 32. Rb4 Na7 33. Rab1 Nc6 34. R4b3 Nxe5 35. Bf1 b4 36. Be2 Rdc8 37. Kg2 Ra8 38. Rxb4 Rxa2 39. Kf1 Nc6 40. Rc4 Rb2 41. Ra1 Rb6 42. Bd1 Rd8 43. Raa4 Rd6 44. Be2 Rf6+ 45. Ke1 Rb1+ 46. Bd1 Ne5 47. Rc8+ Kg7 48. Ke2 Rb2+ 49. Ke1 Nxd3# 0-1

[Event "GER-ch U25-A"]
[Site "Willingen"]
[Date "2017.06.10"]
[Round "9"]
[White "Herbrig, Marie Helen"]
[Black "Melde, Benjamin"]
[Result "0-1"]
[WhiteElo "1816"]
[BlackElo "1904"]
[PlyCount "146"]
[EventDate "2017.06.04"]
[EventType "swiss"]
[EventRounds "9"]
[EventCountry "GER"]
[SourceTitle "CBM 178 Extra"]
[Source "ChessBase"]
[SourceDate "2017.06.22"]
[SourceVersion "1"]
[SourceVersionDate "2017.06.22"]
[SourceQuality "1"]

1. d4 Nf6 2. Nf3 g6 3. Bf4 Bg7 4. c3 0-0 5. e3 d6 6. Bd3 Nbd7 7. Bg3 c5 8. Nbd2 b6 9. 0-0 Bb7 10. Re1 Rc8 11. e4 cxd4 12. cxd4 Nh5 13. Bh4 Nf4 14. Bf1 Nf6 15. Qb3 Ne6 16. Bc4 d5 17. Bd3 dxe4 18. Nxe4 Bxe4 19. Bxe4 Nxd4 20. Nxd4 Qxd4 21. Rad1 Qc4 22. Qf3 Rfd8 23. Bxf6 Bxf6 24. Bd5 Qb4 25. Bb3 Rd4 26. Rc1 Rcd8 27. h3 Kg7 28. Re2 Rd2 29. Rc4 Qd6 30. Rc6 Qxc6 31. Qxc6 Rxe2 32. Qc4 Re6 33. Kh2 Rf8 34. f4 Rd6 35. Qa6 Bxb2 36. Qxa7 Bf6 37. Qc7 Rfd8 38. Qc4 e6 39. Qc1 Rd2 40. Qc7 R8d6 41. Kg3 R6d3+ 42. Kh2 Bh4 43. Qc1 Bg3+ 44. Kg1 Bxf4 45. Qf1 Bg3 46. Qa1+ Kg8 47. Qc1 b5 48. Kf1 h5 49. Bc2 Rd4 50. Bb3 h4 51. Qc8+ Kh7 52. Qc6 Rf4+ 53. Kg1 Rdf2 54. Qxb5 Rf1+ 55. Qxf1 Bh2+ 56. Kxh2 Rxf1 57. Bc4 Rc1 58. Bb5 f5 59. a4 Ra1 60. Bc6 e5 61. Bd7 Ra2 62. Bb5 Kg7 63. Be8 Kf6 64. Bd7 e4 65. Bb5 Ke5 66. Kg1 Kf4 67. Kh2 e3 68. Bd3 Rxa4 69. Be2 Ra2 70. Bf3 e2 71. Bxe2 Rxe2 72. Kg1 Kg3 73. Kf1 Re3 0-1

[Event "GER-ch U25-A"]
[Site "Willingen"]
[Date "2017.06.07"]
[Round "6"]
[White "Melde, Benjamin"]
[Black "Kolb, Tobias"]
[Result "1-0"]
[WhiteElo "1904"]
[BlackElo "1599"]
[PlyCount "107"]
[EventDate "2017.06.04"]
[EventType "swiss"]
[EventRounds "9"]
[EventCountry "GER"]
[SourceTitle "CBM 178 Extra"]
[Source "ChessBase"]
[SourceDate "2017.06.22"]
[SourceVersion "1"]
[SourceVersionDate "2017.06.22"]
[SourceQuality "1"]

1. Nf3 d5 2. g3 Bf5 3. Bg2 Nc6 4. d4 e6 5. 0-0 Bd6 6. c4 Nf6 7. Nc3 0-0 8. Bg5 Be7 9. Nh4 Bg6 10. Nxg6 hxg6 11. e3 dxc4 12. Qa4 Nd5 13. Bxe7 Ncxe7 14. Qxc4 c6 15. Rfd1 Rc8 16. Rac1 Qc7 17. e4 Nf6 18. Qa4 Qb8 19. Qa3 Rc7 20. Na4 b6 21. h3 Rd8 22. f4 Rcd7 23. Bf3 Qb7 24. Qe3 c5 25. dxc5 Rxd1+ 26. Rxd1 Rxd1+ 27. Bxd1 bxc5 28. Bf3 Qb4 29. b3 Qd4 30. Kf2 Nc6 31. Qxd4 cxd4 32. e5 Nd5 33. Bxd5 exd5 34. Nc5 Kf8 35. Na6 Ke7 36. Ke2 f6 37. exf6+ gxf6 38. Kd3 Kd6 39. a3 Na5 40. b4 Nc4 41. a4 Nb2+ 42. Kxd4 Nxa4 43. b5 f5 44. g4 fxg4 45. hxg4 Nb6 46. Nb4 Kc7 47. Nxd5+ Nxd5 48. Kxd5 Kb6 49. Kc4 Kc7 50. Kc5 Kd7 51. Kd5 Kc7 52. f5 gxf5 53. gxf5 Kd7 54. f6 1-0

[Event "GER-ch U25-A"]
[Site "Willingen"]
[Date "2017.06.05"]
[Round "3"]
[White "Isler, Benjamin"]
[Black "Melde, Benjamin"]
[Result "1-0"]
[WhiteElo "1595"]
[BlackElo "1904"]
[PlyCount "45"]
[EventDate "2017.06.04"]
[EventType "swiss"]
[EventRounds "9"]
[EventCountry "GER"]
[SourceTitle "CBM 178 Extra"]
[Source "ChessBase"]
[SourceDate "2017.06.22"]
[SourceVersion "1"]
[SourceVersionDate "2017.06.22"]
[SourceQuality "1"]

1. e4 c5 2. d4 cxd4 3. c3 dxc3 4. Nxc3 Nc6 5. Nf3 a6 6. Bc4 e6 7. 0-0 Nge7 8. Bg5 f6 9. Be3 Ng6 10. Qe2 Be7 11. Rfd1 b5 12. Bxe6 dxe6 13. Rxd8+ Nxd8 14. Rd1 Nc6 15. Nxb5 0-0 16. Nc7 Rb8 17. Nxa6 Bxa6 18. Qxa6 Rfc8 19. Rc1 Ra8 20. Qb7 Rab8 21. Qa6 Ra8 22. Qb6 Rab8 23. Rxc6 1-0

[Event "Goch op 27th"]
[Site "Goch"]
[Date "2016.09.03"]
[Round "4"]
[White "Melde, Benjamin"]
[Black "Weissbeck, Wolf Dieter"]
[Result "1/2-1/2"]
[WhiteElo "1699"]
[BlackElo "1775"]
[PlyCount "58"]
[EventDate "2016.09.01"]
[EventType "swiss"]
[EventRounds "7"]
[EventCountry "GER"]
[SourceTitle "EXT 2018"]
[Source "ChessBase"]
[SourceDate "2017.10.13"]
[SourceVersion "1"]
[SourceVersionDate "2017.10.13"]
[SourceQuality "1"]

1. d4 f5 2. c4 Nf6 3. Nc3 e6 4. Nf3 Bb4 5. Bg5 0-0 6. Qc2 d6 7. e3 h6 8. Bh4 g5 9. Bg3 Nh5 10. Be2 Nf6 11. Bd3 Bd7 12. h4 g4 13. Nd2 Bxc3 14. Qxc3 Bc6 15. f3 Nh5 16. Bf2 g3 17. Bg1 Qf6 18. 0-0-0 e5 19. d5 Be8 20. Rh3 Bg6 21. Nf1 f4 22. exf4 exf4 23. Bd4 Qf7 24. Qc2 Bxd3 25. Qxd3 Nd7 26. Nd2 Rae8 27. Ne4 b6 28. Bc3 Ne5 29. Qe2 Qf5 1/2-1/2

[Event "Dortmund Sparkassen op-B 44th"]
[Site "Dortmund"]
[Date "2016.07.14"]
[Round "6"]
[White "Melde, Benjamin"]
[Black "Valenta, Richard"]
[Result "0-1"]
[WhiteElo "1684"]
[BlackElo "1956"]
[PlyCount "60"]
[EventDate "2016.07.09"]
[EventType "swiss"]
[EventRounds "9"]
[EventCountry "GER"]
[SourceTitle "CBM 173 Extra"]
[Source "ChessBase"]
[SourceDate "2016.08.29"]
[SourceVersion "1"]
[SourceVersionDate "2016.08.29"]
[SourceQuality "1"]

1. e4 c5 2. Nf3 g6 3. d4 Bg7 4. c3 Qc7 5. Na3 a6 6. Bd3 b6 7. Be3 Bb7 8. 0-0 d6 9. Qe2 Nd7 10. Bf4 e5 11. dxe5 dxe5 12. Bg3 Ne7 13. Nc4 b5 14. Ne3 c4 15. Bc2 0-0 16. Nd2 Qc6 17. f4 exf4 18. Bxf4 Rae8 19. Rae1 Nc8 20. Nd5 Ncb6 21. Qf2 Kh8 22. Bg5 f6 23. Bf4 Na8 24. Ne3 Nc5 25. Qg3 Rd8 26. Nd5 Qd7 27. Qe3 Nxe4 28. Nxe4 Bxd5 29. Rd1 Qc6 30. Rd4 f5 0-1

[Event "Dortmund Sparkassen op-B 44th"]
[Site "Dortmund"]
[Date "2016.07.11"]
[Round "3"]
[White "Fistoul, Boris"]
[Black "Melde, Benjamin"]
[Result "1-0"]
[WhiteElo "1825"]
[BlackElo "1684"]
[PlyCount "85"]
[EventDate "2016.07.09"]
[EventType "swiss"]
[EventRounds "9"]
[EventCountry "GER"]
[SourceTitle "CBM 173 Extra"]
[Source "ChessBase"]
[SourceDate "2016.08.29"]
[SourceVersion "1"]
[SourceVersionDate "2016.08.29"]
[SourceQuality "1"]

1. d4 Nf6 2. c4 g6 3. f3 Bg7 4. e4 d6 5. Nc3 0-0 6. Bg5 Nbd7 7. Nh3 c6 8. Qd2 a6 9. Be2 b5 10. Nf2 Qa5 11. 0-0 c5 12. cxb5 cxd4 13. Nd5 Qd8 14. Qxd4 axb5 15. Bxb5 Ra5 16. Qb4 Nxd5 17. exd5 Qb6 18. a4 Bd4 19. Bxe7 Bc5 20. Qc3 Re8 21. Bg5 Ra7 22. Rad1 Ba6 23. Bh6 f6 24. Bxa6 Rxa6 25. Qc2 Qb4 26. b3 Qh4 27. Bc1 Raa8 28. Kh1 Re5 29. g3 Qh5 30. Qd3 Rae8 31. Rd2 Re3 32. Qc2 Qxf3+ 33. Kg1 Rxb3 34. Qd1 Qc3 35. Kg2 Ne5 36. Ne4 Qb4 37. Nxf6+ Kf7 38. Nxe8+ Kxe8 39. Qe2 Qxa4 40. Ra2 Qd4 41. Ra8+ Ke7 42. Bg5+ Kd7 43. Rf7+ 1-0

[Event "Dortmund Sparkassen op-B 44th"]
[Site "Dortmund"]
[Date "2016.07.10"]
[Round "2"]
[White "Melde, Benjamin"]
[Black "Steinberg, Christian"]
[Result "1-0"]
[WhiteElo "1684"]
[BlackElo "1820"]
[PlyCount "69"]
[EventDate "2016.07.09"]
[EventType "swiss"]
[EventRounds "9"]
[EventCountry "GER"]
[SourceTitle "CBM 173 Extra"]
[Source "ChessBase"]
[SourceDate "2016.08.29"]
[SourceVersion "1"]
[SourceVersionDate "2016.08.29"]
[SourceQuality "1"]

1. e4 c5 2. c4 Nc6 3. g3 Nf6 4. Bg2 g6 5. Nc3 Bg7 6. Nge2 0-0 7. 0-0 d6 8. h3 Bd7 9. d3 a6 10. Rb1 Rb8 11. a3 b5 12. cxb5 axb5 13. b4 cxb4 14. axb4 Qc7 15. Be3 Rfc8 16. Qd2 e6 17. Kh2 Ne7 18. Rfc1 Qd8 19. Bg5 Ne8 20. d4 f6 21. Be3 f5 22. d5 fxe4 23. dxe6 Bxe6 24. Nxe4 Bc4 25. Nd4 Nf6 26. Bg5 Nxe4 27. Bxe4 Rb6 28. Bxe7 Qxe7 29. Bd5+ Kh8 30. Nxb5 Rxb5 31. Rxc4 Rf8 32. Rc2 Be5 33. Bc6 Rbb8 34. b5 Rf6 35. f4 1-0

[Event "GER-ch U25-A"]
[Site "Willingen"]
[Date "2016.05.18"]
[Round "6"]
[White "Huber, Marinus"]
[Black "Melde, Benjamin"]
[Result "0-1"]
[WhiteElo "1639"]
[BlackElo "1707"]
[PlyCount "78"]
[EventDate "2016.05.15"]
[EventType "swiss"]
[EventRounds "9"]
[EventCountry "GER"]
[SourceTitle "CBM 172 Extra"]
[Source "ChessBase"]
[SourceDate "2016.06.21"]
[SourceVersion "1"]
[SourceVersionDate "2016.06.21"]
[SourceQuality "1"]

1. e4 c5 2. Nf3 d6 3. d4 cxd4 4. Nxd4 Nf6 5. Nc3 a6 6. Be3 e5 7. Nb3 Be6 8. f3 Nc6 9. Be2 d5 10. exd5 Nxd5 11. Nxd5 Qxd5 12. 0-0 Nb4 13. c3 Qxd1 14. Rfxd1 Nc2 15. Bb6 Nxa1 16. Nxa1 Rc8 17. Nb3 Bxb3 18. axb3 Bc5+ 19. Bxc5 Rxc5 20. Bc4 Ke7 21. Kf2 b5 22. Be2 f5 23. Ke3 Ke6 24. c4 b4 25. Bd3 h5 26. Bc2 g5 27. h3 g4 28. hxg4 hxg4 29. fxg4 fxg4 30. Kf2 Rf8+ 31. Kg3 Rf4 32. Rd2 Rc6 33. Bd1 Rd6 34. Rxd6+ Kxd6 35. Bxg4 Kc5 36. Bf3 Kd4 37. Kf2 e4 38. Ke2 exf3+ 39. gxf3 Rf5 0-1

[Event "GER-ch U25-A"]
[Site "Willingen"]
[Date "2016.05.16"]
[Round "3"]
[White "Melde, Benjamin"]
[Black "Richter, Robert"]
[Result "1/2-1/2"]
[WhiteElo "1707"]
[BlackElo "1550"]
[PlyCount "52"]
[EventDate "2016.05.15"]
[EventType "swiss"]
[EventRounds "9"]
[EventCountry "GER"]
[SourceTitle "CBM 172 Extra"]
[Source "ChessBase"]
[SourceDate "2016.06.21"]
[SourceVersion "1"]
[SourceVersionDate "2016.06.21"]
[SourceQuality "1"]

1. e4 c5 2. Nf3 g6 3. d4 cxd4 4. Nxd4 Bg7 5. Be3 Nf6 6. Nc3 Nc6 7. f3 0-0 8. Qd2 d5 9. 0-0-0 dxe4 10. Nxc6 Qxd2+ 11. Rxd2 bxc6 12. Nxe4 Be6 13. a3 Rab8 14. Nc5 Nd5 15. Bd4 Bh6 16. Be5 Bxd2+ 17. Kxd2 Rbd8 18. Nxe6 fxe6 19. Kc1 Ne3 20. Ba6 Rd5 21. Bc3 Rfd8 22. Bd3 c5 23. b3 Nxg2 24. Bc4 R5d6 25. Be5 Rc6 26. Bb5 Rcc8 1/2-1/2